|
|
|
|
| LEADER |
00000nab a2200000uu 4500 |
| 001 |
vtls011485919 |
| 003 |
SK-MaSNL |
| 005 |
20260303163938.0 |
| 008 |
230222|1976 xo |||||||||||||||||slo| |
| 015 |
|
|
|a SNBRB
|
| 035 |
|
|
|a (urnnbn)urn:nbn:sk:snk:ar-00792z
|
| 035 |
|
|
|a (uuid)6e8a1e3e-6397-48ec-8487-7b209943a66a
|
| 035 |
|
|
|a urn:nbn:sk:snk-abdc6a
|
| 040 |
|
|
|a SNKBUCL
|b slo
|c SNKBUCL
|e AACR2
|
| 041 |
0 |
|
|a slo
|
| 044 |
|
|
|a xo
|c SK
|
| 100 |
1 |
|
|a Vestenický, Koloman,
|d 1935-
|4 aut
|9 253024
|
| 245 |
1 |
0 |
|a K otázke prestavby starých objektov pre rekreačné využitie v chránenej krajinnej oblasti Malá Fatra
|c Koloman Vestenický
|
| 610 |
2 |
7 |
|a Správa chránenej krajinnej oblasti Malá Fatra
|2 SNKKA
|9 220253
|
| 648 |
|
7 |
|a 1976
|2 SNK
|9 279488
|
| 650 |
0 |
7 |
|a rekreačné zariadenia
|2 SNKPH
|9 3012
|
| 650 |
0 |
7 |
|a chránené krajinné oblasti
|2 SNKPH
|9 3798
|
| 651 |
|
7 |
|a Národný park Malá Fatra (Slovensko)
|2 SNKPHgeo
|9 74705
|
| 773 |
0 |
|
|t Urbanita : vedecko-technické informácie z oblasti urbanizmu a územného plánovania
|g Roč. 4, č. 3 (1976), s. 49-[52]
|
| 954 |
|
|
|a odborná, vedecká literatúra pôvodná (slovenská)
|2 lita
|
| 958 |
|
|
|a OND
|
| 958 |
|
|
|a EUIPO
|
| 958 |
|
|
|a article18
|
| 999 |
|
|
|c 2062367
|d 2064297
|